OKC Will Rogers Int. Destinations (Oklahoma City, OK, USA) - Map - Statistics

General Stats
  • This quiz has been taken 36 times
  • The average score is 24 of 26
Answers on the Map
Answers color-coded by a green-red scale on the quiz's map according to % correct below.
 
Answer Stats
Destination % Correct
Chicago (Midway)
100%
Chicago (O'Hare)
100%
Denver
100%
Las Vegas
100%
Los Angeles
100%
Miami
100%
Minneapolis/St. Paul
100%
New York (LaGuardia)
100%
Phoenix (Sky Harbor)
100%
Seattle/Tacoma
100%
Washington (National)
100%
Austin
96%
Baltimore
96%
Dallas (Love)
96%
Houston (Hobby)
96%
Houston (Intercontinental)
96%
Orlando
96%
Orlando/Sanford
96%
Salt Lake City
96%
Atlanta
93%
Dallas/Fort Worth
93%
Nashville
93%
Cancún
89%
Charlotte
89%
Destin/Fort Walton Beach
54%
Gulf Shores
29%
No matching quizzes found
Score Distribution
Percent of People with Each Score
Percentile by Number Answered
Your Score History
You have not taken this quiz